MDQL
is popping MORE tags! Check the
thread
!
Quizzes
Events
Quiz Creation
Community
Videos
Private Events
Remove Ads
Sign In
Join for FREE
Feedback
Dark Mode
Quiz Categories
Sports
Geography
Music
Movies
Television
Just For Fun
Miscellaneous
History
Literature
Language
Science
Gaming
Entertainment
Religion
Holiday
For Kids
Quiz Lab
Recent
Popular Today
Quiz Kudos Today
Editor Picks
Curator Picks
Quizzes by...
Day
Popularity
Type
Ratings
Length
Year
Community
Subscriptions
Recent Discussions
Orange Saloon
Badges
Playlists
Quests
Create
Leaderboards
Showdown
Live 5
Trivia Bingo
Activity
Puzzle Library
Sporcle Events
Private Events
Virtual Trivia
Globe League
Become a Host
Pub Owners
SporcleCon
Opinionation
Our Games
Videos
Blog
Mobile Apps
Partnerships
Remove Ads and Go Orange
Feedback
Entertainment
Celebrity
Famous
Musical
Broadway
Show
Quote
Comic Books
Anime
Superhero
DC Comics
Marvel
Cartoons
Animation
Entertainment
Celebrity
Famous
Musical
Broadway
Show
Quote
Comic Books
Anime
Superhero
DC Comics
Marvel
Cartoons
Animation
Random Quiz
Search Sporcle
×
Quiz Lab
Quiz Lab
Entertainment
Artist
Type in answers that appear in a list
Type in answers that appear in a list
Classic
Best Score? Go Orange.
Fantastic Four Artists Stats
Can you name the Fantastic Four Pencilers?
By
mashplum
10m
56 Questions
254 Plays
254 Plays
254 Plays
Comments
Comments
Give Quiz Kudos
Give Quiz Kudos
-
- Ratings
hide this ad
More Info
Replay
Link that replays current quiz
Next Quiz
Link to next quiz in quiz playlist
You Got
0%
They Got
Avg Score
59%
Avg Friend Score
Upgrade to see
Score Distribution
Jump to the score distribution portion of the page
Score
0/56
Timer
10:00
0
Plays Today
Issue numbers
Penciler
% Correct
#1 -
#102
Jack Kirby
99.6%
#180
Jack Kirby
99.6%
#189
Jack Kirby
99.6%
#209 -
#221
John Byrne
94.1%
#232 -
#293
John Byrne
94.1%
#108 -
#130
John Buscema
86.6%
#132
John Buscema
86.6%
#134 -
#141
John Buscema
86.6%
#173 -
#175
John Buscema
86.6%
#202
John Buscema
86.6%
#296 -
#309
John Buscema
86.6%
#182 -
#183
Sal Buscema
83.9%
#190
Sal Buscema
83.9%
#207
Sal Buscema
83.9%
#313
Sal Buscema
83.9%
#103 -
#107
John Romita
79.9%
#337 -
#341
Walt Simonson
78%
#343 -
#346
Walt Simonson
78%
#350
Walt Simonson
78%
#352 -
#354
Walt Simonson
78%
#160
Chic Stone & John Buscema
77.6%
#164 -
#167
George Pérez
73.6%
#170 -
#172
George Pérez
73.6%
#176 -
#178
George Pérez
73.6%
#184 -
#188
George Pérez
73.6%
#191 -
#192
George Pérez
73.6%
#347 -
#349
Arthur Adams
58.3%
#356 -
#414
Paul Ryan
56.7%
Issue numbers
Penciler
% Correct
#203 -
#206
Keith Pollard
50.4%
#193 – #201
Keith Pollard
50.4%
#208
Keith Pollard
50.4%
#310 -
#312
Keith Pollard
50.4%
#314 -
#320
Keith Pollard
50.4%
#322 -
#324
Keith Pollard
50.4%
#326 -
328
Keith Pollard
50.4%
#142 – #144
Rich Buckler
47.6%
#147 – #153
Rich Buckler
47.6%
#155 – #159
Rich Buckler
47.6%
#161 – #163
Rich Buckler
47.6%
#168 – #169
Rich Buckler
47.6%
#325
Rich Buckler
47.6%
#329 – #335
Rich Buckler
47.6%
#222 -
#231
Bill Sienkiewicz
43.3%
#415 -
#416
Carlos Pacheco
40.6%
#131
Ross Andru
37.8%
#145 -
#146
Ross Andru
37.8%
#294 -
#295
Jerry Ordway
28.3%
#154
Dick Ayers & Bob Brown
25.6%
#355
Al Milgrom
24%
#181
Ron Wilson
22%
#336
Ron Lim
20.1%
#321
Ron Lim
20.1%
#351
Mark Bagley
16.5%
#133
Gerry Conway
11%
#179
Gerry Conway
11%
#342
Rex Valve
2.4%
Quiz Playlist
Details
Report
Send in Message
Add To Playlist
More Info:
This quiz covers Fantastic Four vol. 1 (1961-1996).
Classic:
Type in answers that appear in a list
Last Updated: Feb 16, 2017
Quiz Scoreboard
CHALLENGE
Sign Up to Join the Scoreboard
Show All
Scores
Hide
Comments
May contain spoilers
Recently Published
1-10 Letter E Words III
by El_Dandy
Language
2m
Street Fighter Characters
by Artimus82
Gaming
60s
College Basketball Coaching Resumes
by pancakes188
Sports
9m
More to Explore
Quiz From the Vault
Featured Blog Post
Where Did the Easter Bunny Come From?
hide this ad
You Might Also Like...
Tags
Artist Quiz
Numbers Quiz
fantastic
Fantastic Four
four
issue
Today's Top Quizzes in Entertainment
Browse Entertainment
hide this ad
Today's Top Quizzes in Artist
Browse Artist
Top Contributed Quizzes in Entertainment
1
7-to-1: DC Comics Villains
2
Marvel Characters Bunker
3
Dragon Ball Z: Goku's Fights in Order
4
Eurovision 2023 Logic Puzzle
5
Sorting Pictures: Villains
6
Criteria Quickie: Cartoon Taxonomy II
7
7-to-1: One Piece
8
One Piece Characters Order of Appearance
9
Mini Trivia Sudoku: Musicals
10
Kamen Rider Motifs
Explore More
Trending Topics
Harry Potter
Crossword
Disney
Marvel
Kpop
NBA
Anime
Song
WWE
Puzzle
NFL
The Office
Country
Pokémon
Soccer
hide this ad
More By:
mashplum
Quiz
Plays
Rating
Category
Featured
Created
Tom Hanks Historical Roles
818
5.00
Movies
Jul 6, 2022
Jeeves Nicknames
805
5.00
Literature
Jan 10, 2010
Sitcoms by Antonym
636
2.50
Television
Apr 4, 2010
History Safe Cracker
572
2.00
History
Apr 11, 2011
English Kings Who Did NOT Succeed Fathers
493
1.80
History
Jan 21, 2011
Go to Creator's Profile
Score Distribution
Quiz Creator Spotlight
mashplum
Follow
Send a Message
Quizzes Created
-
Created Quiz Play Count
-
More By This Creator
Popular Quizzes Today
1
Find the US States - No Outlines Minefield
2
Find the Countries of Europe - No Outlines Minefield
3
The Countries of the World
4
Find the US States
5
Risky Map Clicking: Biggest States A-Z
6
US States
7
Popular People in 1961
8
Movies - When Are They Set?
More Entertainment Quizzes
Dragon Ball Z: All Characters Killed by Goku
Quiz Lab
Trending Quizzes
Risky Map Clicking: Least Populous States A-Z
1-10 Letter G Words
1-10 Letter F Words
Countries of the World: 200 Million BC
Risky Map Clicking: Next State Alphabetically
Recently Updated
Beyoncé Albums
pecheneg
Leaping Animals
pecheneg
Reality TV Shows (A-Z)
bhenderson79
Rickey Henderson's Hall of Fame Teammates
pecheneg
Champions League XIs: Arsenal
pecheneg
Quick Pick: Celebrities in WWE's Hall of Fame
aduchscher
A-Z Keypad Blitz II
pecheneg
Multiple Oscar Actors
pecheneg
Mystery Phrase Blitz: Oscar 'Best Actors'
pecheneg
F. Scott Fitzgerald Novels
LTH
Trending Topics
Marvel
Kpop
NBA
Disney
Anime
Crossword
Harry Potter
WWE
NFL
Puzzle
Soccer
Song
Pokémon
Country
The Office
Your Account Isn't Verified!
In order to create a playlist on Sporcle, you need to verify the email address you used during registration. Go to your
Sporcle Settings
to finish the process.
Report this User
Report this user for behavior that violates our
Community Guidelines
.
Details:
Send Report
Go to the Sporcle.com Mobile Site →
Comments